[Event "36th Reykjavik op"]
[Site "Reykjavik ISL"]
[Date "2023.03.31"]
[Round "4.28"]
[White "Girardin, Yves"]
[Black "Rakotomaharo, Fy Antenaina"]
[WhiteElo "2104"]
[BlackElo "2448"]
[Result "0-1"]
[EventDate "2023.03.29"]
[PlyCount "54"]

1. d4 d5 2. c4 e6 3. Nc3 Bb4 4. Nf3 dxc4 5. Qa4+ Nc6 6. e3 Bd7 7. Qc2 b5 8. Bd2 a6
9. Be2 Bd6 10. Ne4 Nf6 11. b3 Nxe4 12. Qxe4 cxb3 13. axb3 O-O 14. O-O Qe7 15. Rfc1
f5 16. Qc2 e5 17. d5 Nd8 18. b4 e4 19. Nd4 Qe5 20. f4 exf3 21. Bxf3 Qxh2+ 22. Kf2
Nf7 23. Rh1 Qg3+ 24. Ke2 Ng5 25. Bc3 Rae8 26. Rag1 Ne4 27. Rf1 Qg5  0-1

[Event "36th Reykjavik op"]
[Site "Reykjavik ISL"]
[Date "2023.03.31"]
[Round "4.29"]
[White "Wadsworth, Matthew"]
[Black "Rebers, Eugene"]
[WhiteElo "2439"]
[BlackElo "2213"]
[Result "1-0"]
[EventDate "2023.03.29"]
[PlyCount "79"]

1. c4 c6 2. g3 d5 3. Nf3 Nf6 4. Bg2 Bf5 5. Qb3 Qb6 6. d3 e6 7. Be3 Qxb3 8. axb3 a6
9. Bd4 Nbd7 10. Bc3 h6 11. Nbd2 Bh7 12. b4 Rb8 13. O-O Bd6 14. e4 Bc7 15. cxd5 cxd5
16. Rac1 Bb6 17. exd5 Nxd5 18. Bxg7 Rg8 19. Bxh6 Nxb4 20. Bf4 Rd8 21. Bc7 Nxd3 22.
Bxd8 Kxd8 23. Ra1 Nxb2 24. Ra2 Nd3 25. Nc4 Bc5 26. Na5 Nb4 27. Nxb7+ Kc7 28. Rd2
Nd3 29. Rfd1 Bb4 30. Rxd3 Bxd3 31. Rxd3 Rb8 32. Nd4 Ne5 33. Rd1 Rxb7 34. Bxb7 Kxb7
35. Rb1 a5 36. Nc2 Nf3+ 37. Kg2 Nd2 38. Rb2 Nc4 39. Rb3 Nd2 40. Rd3  1-0

[Event "36th Reykjavik op"]
[Site "Reykjavik ISL"]
[Date "2023.03.31"]
[Round "4.30"]
[White "Laddha, Shubh Jayesh"]
[Black "Melzner, Lukas"]
[WhiteElo "2422"]
[BlackElo "2199"]
[Result "1-0"]
[EventDate "2023.03.29"]
[PlyCount "101"]

1. e4 e6 2. d4 d5 3. Bd3 dxe4 4. Bxe4 Nf6 5. Bf3 c5 6. Ne2 Nc6 7. Be3 e5 8. Bxc6+
bxc6 9. dxe5 Qxd1+ 10. Kxd1 Ng4 11. Nd2 Nxe5 12. Ne4 Ng4 13. c4 f5 14. N4c3 g5 15.
h3 Nxe3+ 16. fxe3 Be6 17. b3 Bd6 18. h4 O-O-O 19. Kc2 f4 20. hxg5 fxe3 21. Raf1 Rhf8
22. Rxf8 Bxf8 23. Rf1 Rd2+ 24. Kc1 Bg7 25. Rd1 Bxc3 26. Nxc3 Rxg2 27. Re1 Rg3 28.
Ne4 Rf3 29. g6 hxg6 30. Ng5 Rf6 31. Ne4 Rf4 32. Rxe3 Bf5 33. Nxc5 Rf2 34. a3 g5 35.
Ne4 Bxe4 36. Rxe4 Kd7 37. Re5 g4 38. Rg5 Rg2 39. Rg7+ Kd6 40. Rxa7 Kc5 41. Rd7 g3
42. Rd3 Rg1+ 43. Kb2 Rg2+ 44. Kc3 Rg1 45. b4+ Kb6 46. Kb2 Kc7 47. c5 Rg2+ 48. Kb3
Rg1 49. Ka4 Rg2 50. Ka5 Rg1 51. Rf3  1-0

[Event "36th Reykjavik op"]
[Site "Reykjavik ISL"]
[Date "2023.03.31"]
[Round "4.31"]
[White "Throstur, Thorhallsson"]
[Black "Leonard, Timo"]
[WhiteElo "2392"]
[BlackElo "2196"]
[Result "1/2-1/2"]
[EventDate "2023.03.29"]
[PlyCount "64"]

1. d4 d5 2. c4 c6 3. Nf3 Nf6 4. Nc3 e6 5. e3 Nbd7 6. Qc2 Bd6 7. b3 Qe7 8. Be2 O-O
9. Bb2 b6 10. O-O Bb7 11. Rad1 Rad8 12. e4 dxe4 13. Nxe4 Nxe4 14. Qxe4 f5 15. Qc2
c5 16. Rfe1 Bb8 17. d5 e5 18. Bf1 Rde8 19. g3 e4 20. Nd2 Ne5 21. f3 Qf7 22. f4 Ng4
23. Bg2 Qh5 24. Nf1 g5 25. Qc3 Nf6 26. fxg5 Qxg5 27. Qe3 f4 28. gxf4 Bxf4 29. Qc3
Be5 30. Qc1 Bf4 31. Qc3 Be5 32. Qc1 Bf4  1/2-1/2

[Event "36th Reykjavik op"]
[Site "Reykjavik ISL"]
[Date "2023.03.31"]
[Round "4.32"]
[White "Johannsdottir, Johanna Bjoerg"]
[Black "Ladopoulos, Dimitrios"]
[WhiteElo "1974"]
[BlackElo "2391"]
[Result "0-1"]
[EventDate "2023.03.29"]
[PlyCount "96"]

1. e4 c5 2. Nf3 d6 3. g3 g6 4. Bg2 Bg7 5. c3 Nc6 6. O-O e5 7. Na3 Nge7 8. d4 exd4
9. cxd4 cxd4 10. Nb5 Bg4 11. Bf4 O-O 12. Qb3 d5 13. exd5 Qxd5 14. Nfxd4 Qxb3 15.
Nxb3 Be2 16. Nc7 Bxf1 17. Bxc6 Nxc6 18. Nxa8 Bxb2 19. Rxf1 Rxa8 20. Rb1 Be5 21. Bg5
f6 22. Be3 Rd8 23. Nd2 b6 24. Nf3 Kf7 25. Rc1 Rd6 26. h3 Ke6 27. Nxe5 Nxe5 28. Rc7
Rd7 29. Rc2 Kd5 30. Kf1 Nc4 31. Bf4 g5 32. Bc1 Kd4 33. Ke2 Re7+ 34. Be3+ Nxe3 35.
fxe3+ Rxe3+ 36. Kf2 Ra3 37. Rd2+ Kc4 38. Rc2+ Kd5 39. Rd2+ Ke6 40. Kg2 h5 41. Rf2
f5 42. Re2+ Kf6 43. Rf2 h4 44. gxh4 gxh4 45. Re2 b5 46. Rd2 b4 47. Rd4 Rxa2+ 48.
Kf1 b3  0-1

[Event "36th Reykjavik op"]
[Site "Reykjavik ISL"]
[Date "2023.03.31"]
[Round "4.33"]
[White "Sukandar, Irine Kharisma"]
[Black "Ruiz Buendia, Miguel"]
[WhiteElo "2389"]
[BlackElo "2172"]
[Result "1-0"]
[EventDate "2023.03.29"]
[PlyCount "79"]

1. d4 d5 2. Bf4 Nf6 3. e3 c5 4. Nf3 Nc6 5. Nbd2 Nh5 6. Bg5 h6 7. Bh4 g5 8. Ne5 Nxe5
9. dxe5 Ng7 10. Bg3 Qb6 11. e4 Be6 12. Bd3 Rd8 13. exd5 Bxd5 14. Qe2 Ne6 15. O-O
Bg7 16. Nc4 Qc7 17. Ne3 Bc6 18. Nf5 Qb6 19. Bc4 Bd5 20. Rad1 Bxc4 21. Qxc4 O-O 22.
Nxe7+ Kh8 23. b3 Rxd1 24. Rxd1 Rd8 25. Nd5 Nc7 26. Rd3 Nxd5 27. Rxd5 Qa5 28. h3 Rxd5
29. Qxd5 h5 30. e6 h4 31. Bb8 Qe1+ 32. Kh2 fxe6 33. Qxc5 a6 34. a4 Qd2 35. Qc8+ Kh7
36. Qxb7 Qd4 37. Qf7 Kh8 38. Qh5+ Kg8 39. Qxg5 Kf7 40. Qf4+  1-0

[Event "36th Reykjavik op"]
[Site "Reykjavik ISL"]
[Date "2023.03.31"]
[Round "4.34"]
[White "Grigoriev, Dmitriy"]
[Black "Karacsonyi, Gellert"]
[WhiteElo "1969"]
[BlackElo "2385"]
[Result "1-0"]
[EventDate "2023.03.29"]
[PlyCount "71"]

1. e4 e5 2. Nf3 Nc6 3. d4 exd4 4. Bc4 Nf6 5. e5 d5 6. Bb5 Ne4 7. Nxd4 Bd7 8. Bxc6
bxc6 9. O-O Bc5 10. f3 Ng5 11. f4 Ne4 12. Be3 Qb8 13. Nd2 Qxb2 14. Nxe4 dxe4 15.
Qd2 Bb6 16. a4 Bxd4 17. Bxd4 Qb7 18. f5 e3 19. Qxe3 c5 20. Bxc5 Qc6 21. e6 fxe6 22.
fxe6 Qxe6 23. Qg5 h6 24. Qh4 g5 25. Qb4 Qc6 26. Bd4 Rg8 27. Rae1+ Be6 28. Rxe6+ Qxe6
29. Re1 Qxe1+ 30. Qxe1+ Kd7 31. Qd1 Rg6 32. Bxa7+ Rd6 33. Qg4+ Re6 34. Bf2 h5 35.
Qxg5 Rb8 36. h3  1-0

[Event "36th Reykjavik op"]
[Site "Reykjavik ISL"]
[Date "2023.03.31"]
[Round "4.35"]
[White "Ajay Krishna, S"]
[Black "Pandey, Srishti"]
[WhiteElo "2382"]
[BlackElo "2156"]
[Result "1-0"]
[EventDate "2023.03.29"]
[PlyCount "195"]

1. Nf3 d5 2. d4 Nf6 3. c3 e6 4. Bf4 c5 5. e3 Nc6 6. Nbd2 cxd4 7. exd4 Nh5 8. Be3
Bd6 9. Ne5 Nf6 10. f4 Qb6 11. Qb3 Ng8 12. Qxb6 axb6 13. Bb5 Nge7 14. g3 f6 15. Nef3
Bd7 16. O-O Nf5 17. Bf2 h5 18. Rfe1 Nce7 19. Bd3 Kf7 20. a3 b5 21. Kg2 Nc8 22. Re2
g6 23. Rf1 Bc7 24. h3 Nfe7 25. Bg1 Nf5 26. Bf2 Nfe7 27. Nb3 b6 28. Na1 Nd6 29. Nc2
Nc4 30. Nb4 Bd6 31. Bb1 Rhc8 32. Nd3 Bc7 33. g4 hxg4 34. hxg4 Nc6 35. Bg3 Kg7 36.
Nf2 Nd6 37. Bd3 Re8 38. Rfe1 f5 39. Ng5 Ne4 40. Bxb5 Nxg5 41. fxg5 f4 42. Bh4 Nxd4
43. cxd4 Bxb5 44. Rxe6 Rxe6 45. Rxe6 Kf7 46. Rf6+ Kg7 47. Re6 Kf7 48. Rf6+ Kg7 49.
Nh3 Re8 50. Ng1 Re4 51. Nf3 Bd7 52. Bf2 Bxg4 53. Rc6 Re7 54. Ne5 Bh5 55. Be1 Bxe5
56. dxe5 d4 57. Bf2 d3 58. Rd6 Be2 59. e6 d2 60. Rxd2 Rxe6 61. Rd7+ Kf8 62. Bd4 Bg4
63. Rb7 Re2+ 64. Kg1 Re1+ 65. Kf2 Re2+ 66. Kg1 Re1+ 67. Kf2 Re2+ 68. Kf1 f3 69. Rxb6
Bh3+ 70. Kg1 Rg2+ 71. Kh1 Rxg5 72. Rb3 Ke8 73. Kh2 Bg4 74. Be3 Re5 75. Kg3 Bh5 76.
a4 Kd7 77. Ra3 Re4 78. a5 Rg4+ 79. Kh3 Re4 80. a6 Re8 81. a7 Ra8 82. Kg3 f2 83. Kxf2
Bg4 84. Bf4 Be6 85. Bb8 Bd5 86. Rg3 Be4 87. Rc3 Bd5 88. b4 g5 89. b5 g4 90. Rc7+
Kd8 91. b6 Be4 92. Rg7 Kc8 93. b7+ Bxb7 94. Rc7+ Kd8 95. Rxb7 Kc8 96. Rg7 Kd8 97.
Kg3 Kc8 98. Kxg4  1-0

[Event "36th Reykjavik op"]
[Site "Reykjavik ISL"]
[Date "2023.03.31"]
[Round "4.36"]
[White "Nilsson, Oliver"]
[Black "Kushko, Dmitriy"]
[WhiteElo "1955"]
[BlackElo "2379"]
[Result "0-1"]
[EventDate "2023.03.29"]
[PlyCount "60"]

1. e4 g6 2. d4 Bg7 3. Nc3 d6 4. Nf3 Bg4 5. Be2 Nc6 6. Be3 Nf6 7. O-O O-O 8. Qd2 a6
9. a4 e5 10. d5 Ne7 11. a5 Bd7 12. Ne1 c6 13. f3 cxd5 14. Nxd5 Nfxd5 15. exd5 Nf5
16. Bf2 h5 17. c4 h4 18. Nc2 Bh6 19. Qb4 Bf4 20. Bd3 Qg5 21. Qxb7 h3 22. g4 Bxh2+
23. Kxh2 Qf4+ 24. Kg1 Qxf3 25. Ne1 Qxg4+ 26. Kh1 Rab8 27. Qa7 Rxb2 28. Ra3 e4 29.
Qxd7 exd3 30. Qxf5 Qxf5  0-1

[Event "36th Reykjavik op"]
[Site "Reykjavik ISL"]
[Date "2023.03.31"]
[Round "4.37"]
[White "Kristinsson, Ogmundur"]
[Black "Willemze, Thomas"]
[WhiteElo "1937"]
[BlackElo "2364"]
[Result "0-1"]
[EventDate "2023.03.29"]
[PlyCount "102"]

1. d4 d5 2. Bg5 f6 3. Bh4 Nh6 4. f3 c5 5. c3 cxd4 6. cxd4 e5 7. e3 Bb4+ 8. Nc3 Nc6
9. a3 Ba5 10. dxe5 Bxc3+ 11. bxc3 Nxe5 12. Bb5+ Kf7 13. Ne2 a6 14. Ba4 Nc4 15. Bf2
Nf5 16. Qd3 Nb2 17. Qc2 Nxa4 18. Qxa4 Re8 19. O-O Nxe3 20. Rfe1 Qd7 21. Qb3 Nc4 22.
Nf4 Rxe1+ 23. Rxe1 Qf5 24. g3 g5 25. Qb4 Ne5 26. Kh1 gxf4 27. gxf4 Nc6 28. Qd6 Bd7
29. Bc5 b6 30. Bxb6 Re8 31. Rxe8 Bxe8 32. Bc5 Kg6 33. Kg2 Bd7 34. Qf8 Qh3+ 35. Kg1
Qe6 36. h4 Kf5 37. Qg7 h5 38. Qh7+ Kxf4 39. Kf2 Be8 40. Qd3 Qd7 41. Bf8 Ke5 42. Bc5
Ke6 43. Qe3+ Kf7 44. Qh6 Ne5 45. Kg2 Ng6 46. Kf2 Kg8 47. Bd4 Qf5 48. Qe3 Bd7 49.
Qh6 Nxh4 50. Bxf6 Qxf3+ 51. Ke1 Ng2+  0-1

[Event "36th Reykjavik op"]
[Site "Reykjavik ISL"]
[Date "2023.03.31"]
[Round "4.38"]
[White "Rosen, Eric"]
[Black "Markzon, Gregory"]
[WhiteElo "2357"]
[BlackElo "2059"]
[Result "0-1"]
[EventDate "2023.03.29"]
[PlyCount "128"]

1. d4 Nf6 2. Bf4 g6 3. Nc3 c5 4. dxc5 Bg7 5. e4 O-O 6. a3 b6 7. cxb6 Qxb6 8. Rb1
Bb7 9. Bd3 d5 10. Qe2 Nbd7 11. Nf3 d4 12. Nd1 Nc5 13. Nd2 Qe6 14. f3 Nh5 15. Bg3
Nxg3 16. hxg3 Nxd3+ 17. cxd3 Rac8 18. Nc4 Ba6 19. b3 Rb8 20. f4 Bxc4 21. dxc4 Qd6
22. Qa2 d3 23. O-O Qd4+ 24. Nf2 d2 25. Qc2 Rfd8 26. b4 Qe3 27. Rb3 Qe2 28. e5 d1=Q
29. Qxd1 Rxd1 30. Rxd1 Qxc4 31. Rbd3 h6 32. Rd7 Qb3 33. R1d3 Qb2 34. Rxa7 Rc8 35.
Rf3 Rc1+ 36. Kh2 Rc2 37. Kg1 g5 38. Ra8+ Kh7 39. fxg5 Qxe5 40. gxh6 Qe1+ 41. Kh2
Rxf2 42. hxg7 Kxg7 43. Rxf2 Qxf2 44. b5 Qb2 45. a4 Qb4 46. Kh3 e5 47. Re8 f6 48.
Ra8 Kg6 49. Kh2 Kf5 50. Ra6 e4 51. Ra8 Kg6 52. Ra6 Qb3 53. Ra7 f5 54. Ra6+ Kg5 55.
Ra7 Kf6 56. Ra8 Ke5 57. Re8+ Kd4 58. Rf8 e3 59. Rd8+ Kc3 60. Re8 Kd2 61. Rd8+ Ke1
62. Kg1 e2 63. Rf8 Qe3 64. Kh2 Qh6+  0-1

[Event "36th Reykjavik op"]
[Site "Reykjavik ISL"]
[Date "2023.03.31"]
[Round "4.39"]
[White "Cramling Bellon, Anna"]
[Black "Winter, Kevin"]
[WhiteElo "2066"]
[BlackElo "1680"]
[Result "1-0"]
[EventDate "2023.03.29"]
[PlyCount "63"]

1. d4 d6 2. c4 g6 3. e4 Bg7 4. Nc3 e5 5. d5 f5 6. exf5 gxf5 7. Qh5+ Kf8 8. Bg5 Nf6
9. Qh4 h6 10. Bd2 Na6 11. O-O-O Nc5 12. f4 e4 13. Be3 Qe7 14. Be2 Bd7 15. h3 h5 16.
Qf2 b6 17. Nb5 Bxb5 18. cxb5 Re8 19. Bxc5 bxc5 20. Qe3 Nd7 21. h4 Bd4 22. Qb3 Qg7
23. g3 Nb6 24. Nh3 c4 25. Bxc4 Nxc4 26. Qxc4 Bxb2+ 27. Kc2 Rb8 28. Ng5 Qd7 29. Kxb2
Rxb5+ 30. Ka1 Qg7+ 31. Qd4 Rb1+ 32. Kxb1  1-0

[Event "36th Reykjavik op"]
[Site "Reykjavik ISL"]
[Date "2023.03.31"]
[Round "4.40"]
[White "Goh, Jinghan Cameron"]
[Black "O`gorman, Tom"]
[WhiteElo "1899"]
[BlackElo "2357"]
[Result "1-0"]
[EventDate "2023.03.29"]
[PlyCount "53"]

1. d4 Nf6 2. Nc3 d5 3. Bf4 a6 4. Nf3 e6 5. e3 c5 6. Bd3 Nc6 7. O-O c4 8. Be2 b5 9.
Ne5 Bb7 10. Bh5 Nxe5 11. Bxe5 Bb4 12. Qf3 Nxh5 13. Qxh5 O-O 14. Qg4 g6 15. a4 f5
16. Qf4 Qd7 17. h4 Be7 18. axb5 axb5 19. Qh6 Rf7 20. Rxa8+ Bxa8 21. Ra1 Bc6 22. Ne2
Bf8 23. Qf4 h6 24. Qg3 Rg7 25. Bxg7 Kxg7 26. Nf4 Qf7 27. Nxg6  1-0

[Event "36th Reykjavik op"]
[Site "Reykjavik ISL"]
[Date "2023.03.31"]
[Round "4.41"]
[White "Botez, Alexandra"]
[Black "Hafthorsson, Jon Ulfur"]
[WhiteElo "1988"]
[BlackElo "1434"]
[Result "1-0"]
[EventDate "2023.03.29"]
[PlyCount "57"]

1. d4 Nf6 2. Nf3 g6 3. c4 Bg7 4. Nc3 O-O 5. e4 d6 6. Be2 c5 7. d5 Bg4 8. h3 Bxf3
9. Bxf3 Nbd7 10. O-O Ne5 11. Be2 a6 12. Be3 Rb8 13. Qd2 Qd7 14. f4 Nxc4 15. Bxc4
b5 16. Bd3 c4 17. Bc2 b4 18. Ne2 Rfc8 19. Nd4 a5 20. Nc6 Rxc6 21. dxc6 Qxc6 22. Bd4
Nxe4 23. Bxe4 Qxe4 24. Bxg7 Kxg7 25. Rae1 Qc6 26. Qd4+ Kg8 27. Rxe7 d5 28. f5 c3
29. fxg6  1-0

[Event "36th Reykjavik op"]
[Site "Reykjavik ISL"]
[Date "2023.03.31"]
[Round "4.42"]
[White "Miller, Eduard"]
[Black "Hari, Charan Sai Kalluri"]
[WhiteElo "2354"]
[BlackElo "2066"]
[Result "1-0"]
[EventDate "2023.03.29"]
[PlyCount "65"]

1. d4 d5 2. Bf4 c6 3. e3 Nf6 4. c4 g6 5. Nc3 Bg7 6. Nf3 O-O 7. Be2 dxc4 8. Bxc4 Nbd7
9. O-O b5 10. Be2 Bb7 11. Rc1 Nh5 12. Bg5 h6 13. Bh4 g5 14. Ne1 Nhf6 15. Bg3 Qb6
16. Nd3 Rfd8 17. Qb3 a5 18. h3 Rac8 19. Bf3 e6 20. Bd6 Bf8 21. Bxf8 Kxf8 22. Ne4
Nxe4 23. Bxe4 Ke7 24. Nc5 Nxc5 25. Rxc5 Rd6 26. f4 f5 27. Bxf5 exf5 28. Rxf5 g4 29.
Qf7+ Kd8 30. Qg7 Rd7 31. Rf8+ Kc7 32. Qe5+ Rd6 33. Rf7+  1-0

[Event "36th Reykjavik op"]
[Site "Reykjavik ISL"]
[Date "2023.03.31"]
[Round "4.43"]
[White "Belenkaya, Dina"]
[Black "Gajewski, Grzegorz"]
[WhiteElo "2300"]
[BlackElo "2587"]
[Result "1-0"]
[EventDate "2023.03.29"]
[PlyCount "61"]

1. e4 c5 2. Nf3 e6 3. Nc3 a6 4. g3 b5 5. Bg2 Bb7 6. d4 cxd4 7. Nxd4 b4 8. Na4 Nf6
9. O-O Bxe4 10. Bxe4 Nxe4 11. c4 Be7 12. Re1 f5 13. f3 Nf6 14. Bg5 Kf7 15. Qe2 Kg6
16. g4 Kxg5 17. gxf5 Kh6 18. fxe6 Qa5 19. c5 Nc6 20. Nf5+ Kg5 21. h4+ Kxf5 22. Qd3+
Ne4 23. Qxe4+ Kf6 24. Qf4+ Kg6 25. Kh1 h6 26. Rg1+ Bg5 27. Rxg5+ hxg5 28. Qxg5+ Kh7
29. Qh5+ Kg8 30. Qf7+ Kh7 31. Rg1  1-0

[Event "36th Reykjavik op"]
[Site "Reykjavik ISL"]
[Date "2023.03.31"]
[Round "4.44"]
[White "Williams, Simon"]
[Black "Can, Emre"]
[WhiteElo "2461"]
[BlackElo "2600"]
[Result "0-1"]
[EventDate "2023.03.29"]
[PlyCount "120"]

1. e4 c5 2. c3 Nf6 3. e5 Nd5 4. Bc4 Nb6 5. Bb3 g6 6. d4 cxd4 7. a4 d6 8. Nf3 dxe5
9. Nxe5 e6 10. a5 N6d7 11. Nc4 Nc5 12. cxd4 Nxb3 13. Qxb3 Nc6 14. O-O Nxd4 15. Qe3
Nf5 16. Qe2 Bg7 17. Rd1 Qc7 18. Nc3 O-O 19. g4 Ne7 20. Bg5 Nd5 21. Ne4 Bd7 22. Ne3
Rae8 23. Qf3 f5 24. Nxd5 exd5 25. Nc3 fxg4 26. Qxd5+ Be6 27. Qd6 Qf7 28. Be3 Bb3
29. Rd2 Be5 30. Qb4 Be6 31. Ne4 Qc7 32. Ng3 Rd8 33. Rxd8 Qxd8 34. Qxb7 Rf7 35. Qe4
Qd5 36. Qxd5 Bxd5 37. Rd1 Bf3 38. Rd8+ Kg7 39. Kf1 Bxb2 40. Ne2 Rb7 41. a6 Rb4 42.
Nd4 Ra4 43. Rd7+ Kf6 44. Nxf3 gxf3 45. Ke1 Ra1+ 46. Kd2 Bc1+ 47. Kd3 Ra3+ 48. Ke4
Bxe3 49. fxe3 f2 50. Rd1 Rxa6 51. Kf3 Ra2 52. Kg2 f1=Q+ 53. Kxf1 Rxh2 54. Rd7 a5
55. Ra7 Rh5 56. Ra6+ Kf5 57. Rxa5+ Kg4 58. Ra3 Kf3 59. Ke1 Rh2 60. Kd1 g5  0-1

[Event "36th Reykjavik op"]
[Site "Reykjavik ISL"]
[Date "2023.03.31"]
[Round "4.45"]
[White "Saemundsson, Bjarni"]
[Black "Heimisson, Hilmir Freyr"]
[WhiteElo "1826"]
[BlackElo "2351"]
[Result "0-1"]
[EventDate "2023.03.29"]
[PlyCount "64"]

1. b3 e5 2. Bb2 Nc6 3. e3 Nf6 4. Nf3 e4 5. Nd4 Nxd4 6. Bxd4 Be7 7. d3 exd3 8. Bxd3
O-O 9. Nd2 c5 10. Bb2 d5 11. h3 Be6 12. Qe2 Qb6 13. c4 Rad8 14. O-O Rfe8 15. Rac1
Qa5 16. Bc3 Qc7 17. Nf3 d4 18. exd4 cxd4 19. Nxd4 Bxh3 20. Nb5 Qd7 21. Bxf6 Bxf6
22. Bxh7+ Kxh7 23. Qh5+ Kg8 24. Qxh3 Qd2 25. Nc3 Rd3 26. Nb1 Qe2 27. Qf5 Re5 28.
Qc8+ Rd8 29. Qxb7 Rh5 30. Qf3 Qxf3 31. gxf3 Rg5+ 32. Kh1 Rd4  0-1

[Event "36th Reykjavik op"]
[Site "Reykjavik ISL"]
[Date "2023.03.31"]
[Round "4.46"]
[White "Song, Julien"]
[Black "Kienitz, Andre"]
[WhiteElo "2348"]
[BlackElo "2039"]
[Result "1-0"]
[EventDate "2023.03.29"]
[PlyCount "147"]

1. d4 e6 2. c4 Nf6 3. Nf3 d5 4. g3 Be7 5. Bg2 O-O 6. O-O c6 7. Nc3 a5 8. Re1 b6 9.
Nd2 Ba6 10. cxd5 cxd5 11. e4 dxe4 12. Ndxe4 Ra7 13. Be3 Rd7 14. Qb3 Nd5 15. Nxd5
exd5 16. Nc3 Bc4 17. Qa4 Bb4 18. Rec1 Na6 19. Qd1 Nc7 20. b3 Ba6 21. a3 Bxc3 22.
Rxc3 Nb5 23. Rc2 Rc7 24. Rac1 Rxc2 25. Qxc2 Nxa3 26. Qc6 Nb5 27. Qxd5 Qxd5 28. Bxd5
Rd8 29. Bc4 Kf8 30. d5 Rd6 31. Bf4 Rd8 32. Ra1 Rc8 33. Be3 Rb8 34. b4 Nc7 35. Bxa6
Nxa6 36. bxa5 b5 37. Rc1 Rd8 38. Rc6 Ra8 39. Rb6 b4 40. Bd4 f6 41. d6 Ke8 42. Be3
Kd7 43. h4 h5 44. Bd2 g6 45. Kg2 b3 46. Rxb3 Kxd6 47. Rb6+ Ke7 48. Bc3 Nc7 49. Bxf6+
Kf7 50. Bc3 Nd5 51. Rb7+ Ke6 52. Bd2 Ra6 53. Kf3 Kf5 54. Rb5 Ke6 55. Ke4 Nf6+ 56.
Kf4 Rd6 57. Be3 Nd5+ 58. Kg5 Nxe3 59. fxe3 Kf7 60. Rb7+ Kf8 61. e4 Re6 62. Kf4 Ra6
63. Rb5 Kf7 64. Kg5 Kg7 65. Rb7+ Kf8 66. Rb5 Kf7 67. Kf4 Ke7 68. Ke5 Re6+ 69. Kd4
Rd6+ 70. Rd5 Ra6 71. Kc4 Re6 72. e5 Rc6+ 73. Rc5 Ra6 74. Kb5  1-0

[Event "36th Reykjavik op"]
[Site "Reykjavik ISL"]
[Date "2023.03.31"]
[Round "4.47"]
[White "Chilton, James I"]
[Black "Panesar, Vedant"]
[WhiteElo "1722"]
[BlackElo "2348"]
[Result "0-1"]
[EventDate "2023.03.29"]
[PlyCount "82"]

1. e4 c5 2. Nf3 d6 3. d4 cxd4 4. Nxd4 Nf6 5. Nc3 a6 6. Be3 e5 7. Nf3 Be7 8. Be2 O-O
9. h3 Nbd7 10. O-O b5 11. a3 Bb7 12. Nd2 Qc7 13. g4 Nc5 14. Bf3 h6 15. Bg2 Rad8 16.
Nd5 Nxd5 17. exd5 Na4 18. Rb1 Nb6 19. Nb3 Nc4 20. Bc1 a5 21. Nd2 Nb6 22. Nb3 a4 23.
Na1 Qc8 24. Kh2 Qa8 25. f4 exf4 26. Qe2 Bxd5 27. Bxd5 Qxd5 28. Bxf4 Rfe8 29. Rbd1
Bg5 30. Qxe8+ Rxe8 31. Rxd5 Bxf4+ 32. Rxf4 Nxd5 33. Rd4 Ne3 34. Kg3 Nc4 35. b3 Nxa3
36. bxa4 Re1 37. axb5 Nxb5 38. Rb4 Na3 39. Rb8+ Kh7 40. Nb3 Nxc2 41. Kf2 Rb1  0-1

[Event "36th Reykjavik op"]
[Site "Reykjavik ISL"]
[Date "2023.03.31"]
[Round "4.48"]
[White "Griffith, Kyron"]
[Black "Ptacnikova, Lenka"]
[WhiteElo "2342"]
[BlackElo "2040"]
[Result "1-0"]
[EventDate "2023.03.29"]
[PlyCount "63"]

1. e4 c5 2. Nf3 e6 3. d4 cxd4 4. Nxd4 Nc6 5. Nc3 Qc7 6. Be3 a6 7. g4 h6 8. h4 Bb4
9. Nxc6 Bxc3+ 10. bxc3 bxc6 11. Qd4 e5 12. Qa4 Nf6 13. Rd1 d6 14. f3 Bd7 15. Qa3
c5 16. Rh2 O-O 17. g5 Ne8 18. gxh6 g6 19. h5 Kh7 20. Bc4 gxh5 21. Rxh5 Be6 22. Be2
Rg8 23. Rg5 Rxg5 24. Bxg5 f6 25. Be3 Qb7 26. Qa4 Qb2 27. Kd2 Qb6 28. Bc4 d5 29. Bxd5
Rd8 30. c4 Nd6 31. Ke2 Bd7 32. Qb3  1-0

[Event "36th Reykjavik op"]
[Site "Reykjavik ISL"]
[Date "2023.03.31"]
[Round "4.49"]
[White "Sarkar, Justin"]
[Black "Haraldsson, Haraldur"]
[WhiteElo "2338"]
[BlackElo "1882"]
[Result "1/2-1/2"]
[EventDate "2023.03.29"]
[PlyCount "106"]

1. d4 Nf6 2. c4 e6 3. g3 d5 4. Bg2 c6 5. Nd2 c5 6. cxd5 exd5 7. Ngf3 Nc6 8. O-O Bf5
9. dxc5 Bxc5 10. Nb3 Bb6 11. Nbd4 Be4 12. Nxc6 bxc6 13. Qa4 O-O 14. Qxc6 Rc8 15.
Qb5 Rc5 16. Qb3 Bc2 17. Qa3 Ne4 18. Ne1 Ra5 19. Qf3 Rc5 20. Be3 Rc6 21. Rc1 Ba4 22.
Nd3 Re8 23. Rxc6 Bxc6 24. Rc1 Bb7 25. Nc5 Ba8 26. Nxe4 dxe4 27. Qf4 g6 28. h4 Qd5
29. Bxb6 axb6 30. b3 Qa5 31. Rc7 Bd5 32. h5 Qxa2 33. Qf6 Qd2 34. e3 Qb4 35. h6 Qf8
36. Qxb6 Qxh6 37. b4 Qh5 38. Qd4 Qe5 39. Qxe5 Rxe5 40. Rc5 f6 41. b5 Bb7 42. Rxe5
fxe5 43. Kh2 Kf7 44. Kh3 g5 45. Bf1 Bc8+ 46. Kg2 Bb7 47. Bc4+ Ke7 48. Bg8 h6 49.
Bh7 Kd6 50. Bf5 Kc5 51. Kh3 h5 52. Bg6 Bc8+ 53. Kg2 h4  1/2-1/2

[Event "36th Reykjavik op"]
[Site "Reykjavik ISL"]
[Date "2023.03.31"]
[Round "4.50"]
[White "Papadiamandis, Elliot"]
[Black "Bartelt, Max Peter"]
[WhiteElo "2323"]
[BlackElo "2031"]
[Result "1-0"]
[EventDate "2023.03.29"]
[PlyCount "167"]

1. e4 e6 2. d4 d5 3. e5 c5 4. c3 Nc6 5. Nf3 Qb6 6. Be2 Bd7 7. O-O Nge7 8. Na3 cxd4
9. cxd4 Nf5 10. Nc2 h5 11. Bd3 g6 12. Bxf5 gxf5 13. Rb1 Rc8 14. Bg5 Be7 15. Bxe7
Nxe7 16. Qd2 Bb5 17. Rfc1 Nc6 18. Nb4 Kd7 19. Nxc6 Rxc6 20. Rxc6 Bxc6 21. Qg5 Qd8
22. h4 Qxg5 23. Nxg5 Ke7 24. Nh3 f6 25. Nf4 Rh6 26. exf6+ Kxf6 27. Re1 Ke7 28. f3
Kd6 29. Kf2 Be8 30. Re3 Bf7 31. Ra3 e5 32. Nd3 exd4 33. Rxa7 Kc7 34. Ra4 Rc6 35.
Rxd4 Rc2+ 36. Ke3 Rxg2 37. Rf4 Be6 38. Rb4 Rh2 39. a3 b6 40. Nf4 Bf7 41. Ne2 Bg6
42. Nc3 Kc6 43. Na4 b5 44. Nc3 d4+ 45. Rxd4 Rxb2 46. Rb4 Rc2 47. Nxb5 Kc5 48. Kf4
Bf7 49. Nd4 Rc3 50. Ra4 Bd5 51. Kxf5 Rd3 52. Ne2 Bxf3 53. Nf4 Rd1 54. Ra5+ Kd6 55.
Ra6+ Kc5 56. Ra5+ Kd6 57. Ng6 Rd4 58. Ra6+ Kc5 59. Kg5 Rg4+ 60. Kh6 Kb5 61. Rf6 Bd1
62. Rf5+ Ka4 63. Rxh5 Kxa3 64. Rd5 Be2 65. Rd2 Re4 66. Kg5 Rg4+ 67. Kf5 Rg2 68. Kf6
Rh2 69. Kg5 Rg2+ 70. Kf4 Kb3 71. Ke3 Rxg6 72. Rxe2 Kc4 73. Kf4 Kd5 74. Kf5 Rg1 75.
Rd2+ Kc6 76. h5 Rf1+ 77. Kg6 Rg1+ 78. Kh7 Rh1 79. h6 Rg1 80. Kh8 Rh1 81. h7 Rg1 82.
Rd8 Rh1 83. Kg7 Rg1+ 84. Kf6  1-0

[Event "36th Reykjavik op"]
[Site "Reykjavik ISL"]
[Date "2023.03.31"]
[Round "4.52"]
[White "Carlsson, Ludvig"]
[Black "Adams, Henry"]
[WhiteElo "2375"]
[BlackElo "1859"]
[Result "0-1"]
[EventDate "2023.03.29"]
[PlyCount "160"]

1. c4 Nf6 2. Nc3 e5 3. Nf3 Nc6 4. e3 Be7 5. Qb3 O-O 6. Be2 Re8 7. O-O Bf8 8. d3 d6
9. a3 Ne7 10. Bd2 Ng6 11. a4 c6 12. Rac1 Rb8 13. a5 h6 14. Ne4 Be6 15. Qc2 Rc8 16.
a6 b6 17. Nxf6+ Qxf6 18. b4 Qd8 19. Qb2 f6 20. Rc2 c5 21. Be1 Bf7 22. Nd2 Ne7 23.
Ne4 f5 24. Nc3 g6 25. Nb5 Nc6 26. bxc5 dxc5 27. Bc3 Bg7 28. Rd2 Qe7 29. Bf3 Red8
30. Rfd1 Rd7 31. h3 Kh7 32. Re1 Bg8 33. Red1 Bf7 34. Qb1 Bg8 35. Bb2 Bf7 36. Qa1
Bg8 37. Nc3 Nb4 38. Bb7 Rcd8 39. Nb5 Bxc4 40. Nxa7 Bxa6 41. Nc6 Nxc6 42. Bxa6 Ra7
43. Bc3 Rda8 44. Ra2 b5 45. Be1 e4 46. Qb1 Rxa6 47. Rxa6 Rxa6 48. Qxb5 Qa7 49. dxe4
Ra1 50. Rxa1 Qxa1 51. Kf1 Nb4 52. exf5 gxf5 53. Qxc5 Qxe1+ 54. Kxe1 Nd3+ 55. Ke2
Nxc5 56. g4 Kg6 57. f4 Ne4 58. Kf3 Bf6 59. Kg2 Bd8 60. Kf3 Bh4 61. Ke2 Nf2 62. Kf3
Nxh3 63. gxf5+ Kxf5 64. e4+ Kg6 65. Kg4 Nf2+ 66. Kxh4 Nxe4 67. f5+ Kg7 68. Kh3 Nf6
69. Kg3 Ng8 70. Kg4 Kf6 71. Kf4 h5 72. Ke4 Ne7 73. Kf3 Kxf5 74. Kg3 Kg5 75. Kh3 Nf5
76. Kg2 Kg4 77. Kh2 Ne3 78. Kh1 Kg3 79. Kg1 h4 80. Kh1 h3  0-1

[Event "36th Reykjavik op"]
[Site "Reykjavik ISL"]
[Date "2023.03.31"]
[Round "4.53"]
[White "Koh, Ming Yao Gavin"]
[Black "Stefansson, Hannes"]
[WhiteElo "2012"]
[BlackElo "2510"]
[Result "0-1"]
[EventDate "2023.03.29"]
[PlyCount "66"]

1. d4 Nf6 2. c4 e6 3. Nc3 Bb4 4. e3 O-O 5. Bd3 d5 6. a3 Bxc3+ 7. bxc3 dxc4 8. Bxc4
c5 9. Ne2 Qc7 10. Bd3 e5 11. dxe5 Qxe5 12. O-O Bf5 13. Bxf5 Qxf5 14. Qb3 b6 15. Ng3
Qe6 16. Qxe6 fxe6 17. Rd1 Nc6 18. e4 Ng4 19. f3 Nge5 20. Be3 Nc4 21. Kf2 Rad8 22.
Bg5 Rxd1 23. Rxd1 Nxa3 24. Rd6 Rc8 25. Rd7 h6 26. Bc1 Nb5 27. c4 Ne5 28. Re7 Nxc4
29. f4 Kf8 30. Rxe6 Kf7 31. f5 Nd4 32. Rg6 Ne5 33. Rd6 Ke7  0-1